Football : Classement Ligue 1 (2024-2025) - Statistiques

Statistiques générales
  • Ce quiz a été pris 831 fois
  • Le résultat moyen est 13 sur 18
Statistiques - réponses
Position Points Equipes % Correct
1 84 Paris Saint-Germain
100%
2 65 Olympique de Marseille
98%
3 61 AS Monaco
92%
4 60 OGC Nice
82%
5 60 LOSC Lille
80%
6 57 Olympique Lyonnais
80%
7 57 RC Strasbourg
78%
8 52 RC Lens
72%
9 50 Stade Brestois
65%
10 42 Toulouse FC
63%
17 30 AS Saint-Etienne
62%
16 16 Montpellier HSC
62%
13 36 FC Nantes
61%
12 41 Stade Rennais FC
61%
16 33 Stade de Reims
60%
15 34 Le Havre AC
57%
14 36 Angers SCO
55%
11 42 AJ Auxerre
53%
Aucun quiz correspondant
Distribution des résultats
% des personnes avec chaque résultat
Percentile par nombre de réponses
Votre historique - résultats
Vous n’avez pas pris ce quiz